| 000 | 00000nam 2200000za 4500 |
| 001 | 9.699410 |
| 003 | CaOODSP |
| 005 | 20250527151634 |
| 007 | cr ||||||||||| |
| 008 | 150407s1956||||xxca||||o f000 0 eng d |
| 040 | |aCaOODSP|beng |
| 043 | |an-cn--- |
| 086 | 1 |aA53-990/1956E-PDF |
| 100 | 1 |aAndison, Harry. |
| 245 | 10|aCommon strawberry insects and their control |h[electronic resource] / |cby H. Andison. |
| 260 | |aOttawa : |bCanada Department of Agriculture : |bScience Service, Entomology Division, |c1956. |
| 300 | |a21 p.: |bill. |
| 500 | |a"December 1956". |
| 500 | |aHistorical publication digitized by Agriculture and Agri-Food Canada. |
| 590 | |a14-11-Supp|b2014-05-21 |
| 690 | 07|aInsects|2gcpds |
| 690 | 07|aPests|2gcpds |
| 690 | 07|aFruit crops|2gcpds |
| 710 | 1 |aCanada. |bDepartment of Agriculture. |
| 710 | 1 |aCanada.|bDivision of Entomology. |
| 775 | 08|tInsectes communs du fraisier et moyens de les combattre |w(CaOODSP)9.643397 |
| 856 | 40|ahttp://publications.gc.ca|qPDF|s2.2 MB|uhttps://publications.gc.ca/collections/collection_2014/aac-aafc/agrhist/A53-990-1956-eng.pdf |
| 986 | |aPublication 990 |